000 00935nas a2200253 4500
001 BR8602042
003 BR-BrBNA
005 20231205090434.0
007 ta
008 230509b bl.|||p| |||| 00| 00por d
040 _aBR-BrBNA
_bpor
_cBiblioteca Nacional de Agricultura
041 _a(En)
072 _aH10
100 1 _aSilva, P. (Comissao Executiva do Plano da Lavoura Cacaueira, Ilheus, BA (Brazil))
245 1 _aCacao snails in Bahia, Brazil - corrections and additions (Mollusca, Gastropoda, Pulmonata)[Theobroma cacao, caracol]
246 1 _aCacao snails in Bahia, Brazil - corrections and additions (Mollusca, Gastropoda, Pulmonata)
650 _aCACAU
650 _aCARACOL
650 _aBAHIA
773 0 _tRevista Theobroma (Brazil)
_xISSN 0370-7962
_g(Jul-Sep 1985), v. 15(3) p. 155-157
_wBR8602042
856 4 0 _dLink DSPACE/MAPA BR8602042
909 _a202311
_bLúcia
_c55
_dLúcia Elande
942 _2AGRIS
_n0
_cANA
999 _c118414
_d118414